Metrologie - Statistiques

Statistiques générales
  • Ce quiz a été pris 477 fois
    425 depuis la dernière actualisation
  • Le résultat moyen est 35 sur 42
Statistiques - réponses
Grandeur Dimension % Correct
Longueur L
100%
Vitesse L.T-1
100%
Acceleration L.T-2
100%
Masse M
100%
Pression M.L-1.T-2
100%
Masse volumique M.L-3
100%
Temps T
100%
Activité ( Radioactivité ) T-1 (Bq)
100%
Vitesse angulaire T-1 (rad)
100%
Intensité du courant électrique I
92%
Luminosité J.L-2
92%
Célérité L.T-1
92%
Masse lineique M.L-1
92%
Energie/ Travail/ Chaleur/ Enthalpie M.L2.T-2
92%
Puissance M.L2.T-3
92%
Force M.L.T-2
92%
Temperature thermodynamique O
92%
Angle plan/ angle solide x
92%
Intensité lumineuse J
85%
Dose absorbée L2.T-2
85%
Accélération de la pesanteur L.T-2
85%
Nombre d’avogadro N-1
85%
Fréquence T-1 (Hz)
85%
Charge électrique T.I
85%
Coefficient de diffusion L2.T-1
77%
Diffusivite thermique L2.T-1
77%
Viscosité M.L-1.T-1
77%
Constante de Planck M.L2.T-1
77%
Entropie/ Cp / Cv M.L2.T-2.O-1
77%
Tension électrique ( Potentiel ) M.L2.T-3.I-1
77%
Résistance M.L2.T-3.I-2
77%
Resistance mecanique ( mecaflu) M.L-4.T-1
77%
Champs électrique M.L.T-3.I-1
77%
Quantite de matiere N
77%
Constante gravitationnelle M-1.L3.T-2
69%
Permittivité M-1.L-3.T4.I2
69%
Moment cinétique / action M.L2.T-1
69%
Constante de Boltzmann M.L2.T-2.O-1
69%
Quantite de mouvement M.L.T-1
69%
Tension superficielle M.T-2
69%
Champs magnétique M.T-2.I-1
69%
Constante des gaz parfait M.L2.T-2.N-1.O-1
54%
Aucun quiz correspondant
Distribution des résultats
% des personnes avec chaque résultat
Percentile par nombre de réponses
Votre historique - résultats
Vous n’avez pas pris ce quiz depuis la dernière actualisation